[Event "HZ Chess Tournament 2013"]
[Site "?"]
[Date "2013.08.08"]
[Round "7"]
[White "L'Ami, Erwin"]
[Black "Henrichs, Thomas"]
[Result "1-0"]
[WhiteElo "2626"]
[BlackElo "2458"]
[PlyCount "92"]
[EventDate "2013.??.??"]

1. d4 e6 2. c4 d5 3. Nc3 c6 4. e3 Bd6 5. Bd3 Nf6 6. Nf3 Nbd7 7. e4 dxe4 8. Nxe4
Nxe4 9. Bxe4 O-O 10. O-O h6 11. Bc2 e5 12. Re1 exd4 13. Qxd4 Bc5 14. Qf4 Nf6
15. Be3 Qd6 16. Qxd6 Bxd6 17. h3 Be6 18. b3 c5 19. Rad1 Be7 20. Nh4 Rfe8 21.
Nf5 b6 22. Nxe7+ Rxe7 23. g4 Rd7 24. f3 Rxd1 25. Rxd1 h5 26. Kf2 hxg4 27. hxg4
Kf8 28. Kg3 Ke7 29. Bg5 Rd8 30. Rxd8 Kxd8 31. Kf4 Kc7 32. Bxf6 gxf6 33. g5 Kd6
34. gxf6 a6 35. Bd3 Bd7 36. Kg5 Ke5 37. f4+ Kd4 38. Be2 b5 39. Kh6 Ke3 40. Kg7
Kxe2 41. Kxf7 bxc4 42. bxc4 Bb5 43. cxb5 c4 44. bxa6 c3 45. a7 c2 46. a8=Q c1=Q
1-0

[Event "HZ Chess Tournament 2013"]
[Site "?"]
[Date "2013.08.08"]
[Round "7"]
[White "Lalith, Babu M.R"]
[Black "Kuipers, Stefan"]
[Result "1-0"]
[WhiteElo "2576"]
[BlackElo "2437"]
[PlyCount "87"]
[EventDate "2013.??.??"]

1. d4 d6 2. Nf3 Nf6 3. c4 Nbd7 4. Nc3 e5 5. e4 Be7 6. Be2 O-O 7. O-O c6 8. d5
a6 9. dxc6 bxc6 10. Qc2 Qc7 11. Rd1 Bb7 12. Bg5 h6 13. Bh4 Rfe8 14. Rac1 Rad8
15. b4 Nf8 16. Qb3 g5 17. Bg3 Ng6 18. b5 c5 19. b6 Qc8 20. Nd2 h5 21. h3 Nf4
22. Bf1 Ne6 23. Nd5 Nd4 24. Qd3 h4 25. Bh2 Kh8 26. Nb3 Nxb3 27. Qxb3 Nxe4 28.
Qe3 f5 29. Bd3 Bxd5 30. cxd5 Nf6 31. Qxg5 e4 32. Bc4 Nh7 33. Qe3 Rg8 34. Rb1
Rd7 35. Qa3 Bf6 36. Qxa6 Qf8 37. b7 Qg7 38. Bf1 Ng5 39. Kh1 Bb2 40. Bxd6 Nxh3
41. Bxc5 Be5 42. b8=Q Rxb8 43. Rxb8+ Bxb8 44. Qc8+ 1-0

[Event "HZ Chess Tournament 2013"]
[Site "?"]
[Date "2013.08.08"]
[Round "7"]
[White "Tan, Matthew"]
[Black "Zhao, Xue"]
[Result "0-1"]
[WhiteElo "2444"]
[BlackElo "2562"]
[PlyCount "78"]
[EventDate "2013.??.??"]

1. e4 c6 2. d4 d5 3. e5 Bf5 4. h4 h6 5. g4 Bd7 6. Nc3 e6 7. Be3 Qc7 8. Nf3 a6
9. Na4 b6 10. Rc1 c5 11. c4 dxc4 12. dxc5 Bxa4 13. Qxa4+ b5 14. Qa3 Nd7 15. b4
Ne7 16. Bg2 Nd5 17. O-O Be7 18. Nd4 O-O 19. Bxd5 exd5 20. f4 Bxh4 21. Nf5 Bd8
22. Bd4 a5 23. Qh3 axb4 24. Nxh6+ gxh6 25. Qxh6 Nb8 26. g5 Nc6 27. Rc2 Nxd4 28.
Rh2 f5 29. gxf6 Kf7 30. Qh5+ Ke6 31. Qg4+ Nf5 32. Rh5 Qxc5+ 33. Kh1 Kd7 34.
Qxf5+ Kc7 35. Rg1 Kb6 36. Rh7 Rxa2 37. f7 b3 38. Rh6+ Ka5 39. Qe6 Bb6 0-1

[Event "HZ Chess Tournament 2013"]
[Site "?"]
[Date "2013.08.08"]
[Round "7"]
[White "Ducarmon, Quinten"]
[Black "Ernst, Sipke"]
[Result "1/2-1/2"]
[WhiteElo "2438"]
[BlackElo "2560"]
[PlyCount "53"]
[EventDate "2013.??.??"]

1. e4 e5 2. Nf3 Nc6 3. d4 exd4 4. Nxd4 Nf6 5. Nxc6 bxc6 6. e5 Qe7 7. Qe2 Nd5 8.
c4 Ba6 9. b3 g6 10. Ba3 Qh4 11. Bb2 Bb4+ 12. Nd2 Nc3 13. Qe3 Ne4 14. g3 Bxd2+
15. Qxd2 Nxd2 16. gxh4 Nxf1 17. e6 f6 18. exd7+ Kxd7 19. O-O-O+ Ke6 20. Rhxf1
Bc8 21. Rfe1+ Kf7 22. Rd3 Bf5 23. Rde3 Rhe8 24. Rxe8 Rxe8 25. Rxe8 Kxe8 26.
Bxf6 h5 27. Bd4 1/2-1/2

[Event "HZ Chess Tournament 2013"]
[Site "?"]
[Date "2013.08.08"]
[Round "7"]
[White "Ikonnikov, Vyacheslav"]
[Black "Freeke, Matthieu"]
[Result "1/2-1/2"]
[WhiteElo "2555"]
[BlackElo "2332"]
[PlyCount "100"]
[EventDate "2013.??.??"]

1. d4 Nf6 2. c4 e6 3. Nf3 d5 4. Nc3 Be7 5. Bg5 h6 6. Bh4 O-O 7. Rc1 b6 8. e3
Bb7 9. Bxf6 Bxf6 10. cxd5 exd5 11. Bd3 c5 12. O-O Na6 13. Bb1 Re8 14. a3 Qd7
15. Qd3 g6 16. Qb5 Qxb5 17. Nxb5 Bc6 18. Nc3 c4 19. Rfe1 b5 20. e4 Nc7 21. exd5
Nxd5 22. Be4 Rad8 23. Ne5 Bxe5 24. dxe5 Nxc3 25. Bxc6 Re6 26. Rxc3 Rxc6 27. f4
Rd2 28. b3 Ra6 29. bxc4 bxc4 30. h4 Rb6 31. h5 gxh5 32. f5 Kf8 33. Kh2 Rbb2 34.
Rg3 Re2 35. Rc1 Rbc2 36. Rxc2 Rxc2 37. f6 Re2 38. Rc3 Re4 39. Kg3 Ke8 40. Kf3
Rxe5 41. Rxc4 Rf5+ 42. Kg3 Rxf6 43. Ra4 Rg6+ 44. Kh3 a6 45. Ra5 Rb6 46. Kh4 Kf8
47. Kxh5 Kg7 48. Kh4 Kg6 49. g4 f6 50. Kg3 Rc6 1/2-1/2

[Event "HZ Chess Tournament 2013"]
[Site "?"]
[Date "2013.08.08"]
[Round "7"]
[White "Swapnil, S. Dhopade"]
[Black "Vedder, Richard"]
[Result "1-0"]
[WhiteElo "2489"]
[BlackElo "2238"]
[PlyCount "59"]
[EventDate "2013.??.??"]

1. d4 d5 2. Nf3 Nf6 3. c4 dxc4 4. e3 g6 5. Bxc4 Bg7 6. O-O O-O 7. Nc3 Ne8 8.
Qe2 Nd6 9. Bb3 b5 10. Rd1 a5 11. e4 Ba6 12. Qe1 b4 13. Na4 e6 14. Bg5 Qe8 15.
e5 Bb5 16. exd6 Bxa4 17. Be7 Bxb3 18. axb3 cxd6 19. Bxd6 Nd7 20. Rdc1 Nf6 21.
Rc5 Qd8 22. Bxf8 Bxf8 23. Rc4 Rb8 24. Qe2 Nd5 25. Ne5 Ra8 26. Qf3 f6 27. Nd3
Kf7 28. Rc6 Bd6 29. Nc5 Ra7 30. Qh3 1-0

[Event "HZ Chess Tournament 2013"]
[Site "?"]
[Date "2013.08.08"]
[Round "7"]
[White "Kerigan, Demre"]
[Black "Burg, Twan"]
[Result "1/2-1/2"]
[WhiteElo "2257"]
[BlackElo "2486"]
[PlyCount "91"]
[EventDate "2013.??.??"]

1. e4 c6 2. d4 d5 3. e5 Bf5 4. Nd2 e6 5. Nb3 c5 6. dxc5 Bxc5 7. Nxc5 Qa5+ 8. c3
Qxc5 9. Nf3 Ne7 10. Qa4+ Nd7 11. Bb5 Qc8 12. Nd4 a6 13. Nxf5 Nxf5 14. Bd3 Ne7
15. O-O Nc6 16. Qg4 g6 17. f4 Nc5 18. Bc2 h5 19. Qg3 Ne7 20. Be3 Qc6 21. Rad1
O-O-O 22. Bxc5 Qxc5+ 23. Qf2 Qc7 24. Bd3 Kb8 25. Rd2 Rd7 26. Rc1 Rhd8 27. b4
Nc8 28. a4 Nb6 29. a5 Nc4 30. Bxc4 Qxc4 31. Rd4 Qb3 32. Qd2 Qa4 33. Rd1 Kc8 34.
h4 Qb5 35. Kf2 Qa4 36. c4 dxc4 37. Rxd7 Rxd7 38. Qxd7+ Qxd7 39. Rxd7 Kxd7 40.
Ke3 Kc6 41. Kd4 b5 42. axb6 Kxb6 43. Kxc4 Kc6 44. Kd4 Kb5 45. Kc3 Kb6 46. Kc4
1/2-1/2

[Event "HZ Chess Tournament 2013"]
[Site "?"]
[Date "2013.08.08"]
[Round "7"]
[White "Timmermans, Ivo"]
[Black "Kohlweyer, Bernd"]
[Result "1/2-1/2"]
[WhiteElo "2214"]
[BlackElo "2440"]
[PlyCount "41"]
[EventDate "2013.??.??"]

1. d4 Nf6 2. c4 e6 3. Nc3 Bb4 4. e3 O-O 5. Bd3 d5 6. a3 Bxc3+ 7. bxc3 dxc4 8.
Bxc4 c5 9. Ne2 Qc7 10. Bd3 e5 11. O-O Nc6 12. Bb2 Rd8 13. Qc2 Be6 14. Ng3 Rac8
15. Ne4 Nxe4 16. Bxe4 h6 17. Rfd1 cxd4 18. cxd4 exd4 19. Bxc6 Qxc6 20. Qxc6
Rxc6 21. Bxd4 1/2-1/2

[Event "HZ Chess Tournament 2013"]
[Site "?"]
[Date "2013.08.08"]
[Round "7"]
[White "Ris, Robert"]
[Black "Bezemer, Arno"]
[Result "0-1"]
[WhiteElo "2424"]
[BlackElo "2292"]
[PlyCount "78"]
[EventDate "2013.??.??"]

1. d4 Nf6 2. c4 g6 3. Nc3 d5 4. Nf3 Bg7 5. e3 O-O 6. Be2 c5 7. dxc5 dxc4 8. Qa4
Qc7 9. Qxc4 Be6 10. Qh4 Nbd7 11. O-O Nxc5 12. e4 Qc6 13. e5 Nfe4 14. Nd4 Nxc3
15. Nxc6 Nxe2+ 16. Kh1 bxc6 17. Be3 Nd3 18. Rad1 Nxe5 19. Rfe1 Bf6 20. Qe4 Bc4
21. Bc5 Rfd8 22. Rxd8+ Rxd8 23. Rxe2 Bd3 24. Qe3 Nc4 25. Qf3 Bxe2 26. Qxe2 Rd2
27. Qe1 Rxb2 28. g3 Rxa2 29. Qb4 Nd6 30. Qb8+ Kg7 31. Bxa7 Rb2 32. Qd8 Rc2 33.
Be3 c5 34. g4 g5 35. h4 h6 36. hxg5 hxg5 37. f4 gxf4 38. Bxf4 Ne4 39. Qd5 Nf2+
0-1

[Event "HZ Chess Tournament 2013"]
[Site "?"]
[Date "2013.08.08"]
[Round "7"]
[White "Van Der Heide, Auke"]
[Black "Van Delft, Merijn"]
[Result "0-1"]
[WhiteElo "2163"]
[BlackElo "2415"]
[PlyCount "84"]
[EventDate "2013.??.??"]

1. d4 Nf6 2. c4 g6 3. Nf3 Bg7 4. g3 O-O 5. Bg2 d6 6. O-O Nc6 7. Nc3 a6 8. Bf4
Bf5 9. Rc1 Ne4 10. Be3 Nxc3 11. bxc3 Na5 12. Qa4 b6 13. Nd2 Bd7 14. Qa3 c6 15.
c5 dxc5 16. dxc5 b5 17. Rfd1 Qc7 18. Qb4 e5 19. c4 Be6 20. cxb5 axb5 21. a4
bxa4 22. Qxa4 Nb3 23. Qxc6 Qxc6 24. Bxc6 Nxc1 25. Rxc1 Ra2 26. Nc4 f5 27. f3
Rxe2 28. Bf2 e4 29. Kf1 Ra2 30. Nd6 exf3 31. Bxf3 Ra1 32. Rxa1 Bxa1 33. c6 Be5
34. Bc5 Bxd6 35. Bxd6 Rd8 36. Bf4 Rd3 37. Be2 Rc3 38. c7 Kf7 39. Bd6 Bc4 40.
Bxc4+ Rxc4 41. h4 Ke6 42. Bf4 Rc2 0-1

[Event "HZ Chess Tournament 2013"]
[Site "?"]
[Date "2013.08.08"]
[Round "7"]
[White "Berkovich, Mark A"]
[Black "Haak, Eelco"]
[Result "1-0"]
[WhiteElo "2375"]
[BlackElo "2056"]
[PlyCount "83"]
[EventDate "2013.??.??"]

1. d4 d5 2. Nf3 Nf6 3. g3 c5 4. Bg2 cxd4 5. O-O Bg4 6. Nxd4 e5 7. Nf3 Nc6 8. c4
d4 9. b4 e4 10. b5 exf3 11. exf3 Be6 12. bxc6 bxc6 13. f4 Qd7 14. Nd2 Rc8 15.
Nf3 Bc5 16. Bb2 O-O 17. Bxd4 Bxd4 18. Qxd4 Qxd4 19. Nxd4 Bxc4 20. Rfc1 Bd5 21.
Nxc6 Rc7 22. Ne5 Rfc8 23. Rxc7 Rxc7 24. Rd1 Rc5 25. Nd7 Nxd7 26. Bxd5 Nb6 27.
Bb3 Kf8 28. Kg2 Ke7 29. g4 h6 30. h4 f6 31. Kg3 a5 32. Rd4 Rc3+ 33. f3 Rc1 34.
Re4+ Kd7 35. f5 Rc7 36. Re6 Rb7 37. Bc2 Rb8 38. Be4 Nc4 39. Ra6 Rb2 40. a4 Ra2
41. Bd5 Rxa4 42. Bc6+ 1-0

[Event "HZ Chess Tournament 2013"]
[Site "?"]
[Date "2013.08.08"]
[Round "7"]
[White "Grochal, Joey"]
[Black "Afek, Yochanan"]
[Result "0-1"]
[WhiteElo "2170"]
[BlackElo "2315"]
[PlyCount "80"]
[EventDate "2013.??.??"]

1. d4 Nf6 2. c4 c5 3. d5 e6 4. Nc3 exd5 5. cxd5 d6 6. e4 g6 7. Nf3 Bg7 8. h3
O-O 9. Bd3 Bd7 10. a4 Na6 11. O-O Nb4 12. Bf4 Nxd3 13. Qxd3 Ne8 14. Rfe1 a6 15.
e5 dxe5 16. Nxe5 Bf5 17. Qf1 Qh4 18. g4 Bc8 19. Ne4 Qd8 20. Qc4 Qb6 21. Qxc5
Qb3 22. Kg2 Nf6 23. Nxf6+ Bxf6 24. Nc4 b5 25. axb5 Bb7 26. Nb6 Rad8 27. bxa6
Rxd5 28. Qxf8+ Kxf8 29. Bh6+ Bg7 30. axb7 Rd8 31. Ra8 Qxb6 32. Rxd8+ Qxd8 33.
Bf4 Qd5+ 34. Kg1 Qxb7 35. Bd6+ Kg8 36. Re8+ Bf8 37. g5 Qd7 38. Rxf8+ Kg7 39.
Bc5 Qxh3 40. Re8 Qg4+ 0-1

[Event "HZ Chess Tournament 2013"]
[Site "?"]
[Date "2013.08.08"]
[Round "7"]
[White "Bijlsma, Nick"]
[Black "Leenhouts, Koen"]
[Result "0-1"]
[WhiteElo "2166"]
[BlackElo "2379"]
[PlyCount "46"]
[EventDate "2013.??.??"]

1. e4 e5 2. Nf3 Nc6 3. Bb5 g6 4. d4 exd4 5. Bg5 Be7 6. Bxe7 Qxe7 7. O-O Qc5 8.
Bxc6 dxc6 9. Qxd4 Qxd4 10. Nxd4 Bd7 11. Nc3 O-O-O 12. Rad1 Ne7 13. f3 c5 14.
Nde2 Nc6 15. Nd5 Be6 16. Nef4 Rd6 17. Nxe6 fxe6 18. Ne3 Rhd8 19. a3 b5 20. Kf2
c4 21. Kg3 Nd4 22. f4 a5 23. Kg4 Nxc2 0-1

[Event "HZ Chess Tournament 2013"]
[Site "?"]
[Date "2013.08.08"]
[Round "7"]
[White "Akshat, Khamparia"]
[Black "Brookes, Christopher"]
[Result "1-0"]
[WhiteElo "2354"]
[BlackElo "2112"]
[PlyCount "55"]
[EventDate "2013.??.??"]

1. d4 Nf6 2. c4 g6 3. Nc3 Bg7 4. e4 d6 5. Be2 O-O 6. Bg5 Nbd7 7. Qd2 c6 8. h4
e5 9. d5 Qc7 10. g4 cxd5 11. cxd5 Nc5 12. f3 Bd7 13. Nh3 Rac8 14. Nf2 Qa5 15.
O-O Na4 16. Nxa4 Qxd2 17. Bxd2 Bxa4 18. Rfc1 Rxc1+ 19. Rxc1 Ne8 20. Rc8 f5 21.
g5 Rf7 22. b3 Bd7 23. Rb8 Bf8 24. Rxb7 Bc8 25. Rb8 Rc7 26. Bc4 Bd7 27. Nd3 Be7
28. Ba5 1-0

[Event "HZ Chess Tournament 2013"]
[Site "?"]
[Date "2013.08.08"]
[Round "7"]
[White "Rijnaarts, Sjef"]
[Black "Gunther, Justin"]
[Result "1-0"]
[WhiteElo "2354"]
[BlackElo "2071"]
[PlyCount "79"]
[EventDate "2013.??.??"]

1. e4 c5 2. Nf3 d6 3. d4 cxd4 4. Nxd4 Nf6 5. Nc3 e6 6. g4 h6 7. Rg1 Nc6 8. h4
h5 9. gxh5 Nxh5 10. Bg5 Nf6 11. Qd2 Qb6 12. Nb3 a6 13. Be2 Bd7 14. h5 Be7 15.
O-O-O Qc7 16. Bf4 e5 17. Bg5 Be6 18. Bxf6 gxf6 19. Nd5 Bxd5 20. exd5 Nb8 21.
Bg4 Bf8 22. Kb1 f5 23. Bxf5 Rxh5 24. Bg4 Rh2 25. Rh1 Rg2 26. Qe2 Qb6 27. Rdf1
Qb4 28. Rh4 Qb6 29. Qf3 Rxg4 30. Qxg4 Nd7 31. Qf5 Qd8 32. Rh8 Qe7 33. Na5 Nb6
34. Rg1 Qd7 35. Qxd7+ Nxd7 36. Nxb7 Ke7 37. Na5 Nf6 38. c4 Kd7 39. b4 Re8 40.
Nc6 1-0

[Event "HZ Chess Tournament 2013"]
[Site "?"]
[Date "2013.08.08"]
[Round "7"]
[White "De Jong, Migchiel"]
[Black "Hekhuis, Jeroen"]
[Result "1-0"]
[WhiteElo "2345"]
[BlackElo "2068"]
[PlyCount "61"]
[EventDate "2013.??.??"]

1. d4 Nf6 2. Nf3 b6 3. g3 Bb7 4. Bg2 e6 5. c4 Bb4+ 6. Nbd2 O-O 7. O-O d5 8. Qb3
Be7 9. cxd5 Bxd5 10. Qc2 h6 11. e4 Bb7 12. a3 c5 13. dxc5 Qc7 14. b4 a5 15. Bb2
axb4 16. axb4 Rxa1 17. Rxa1 bxc5 18. Be5 Qc6 19. Bxf6 Bxf6 20. b5 Qc8 21. Ra7
g6 22. Nc4 Rd8 23. e5 Be7 24. Nh4 Bxg2 25. Nxg6 Bf8 26. Kxg2 Nd7 27. Nxf8 Rxf8
28. Qd2 Rd8 29. Qxh6 Qb8 30. b6 Nxe5 31. Qf4 1-0

[Event "HZ Chess Tournament 2013"]
[Site "?"]
[Date "2013.08.08"]
[Round "7"]
[White "Timmermans, Mark"]
[Black "Gutkind, Kedem"]
[Result "1-0"]
[WhiteElo "2287"]
[BlackElo "1969"]
[PlyCount "59"]
[EventDate "2013.??.??"]

1. b4 e5 2. Bb2 e4 3. c4 Nf6 4. a3 a5 5. b5 Be7 6. Nc3 c6 7. d3 e3 8. fxe3 Ng4
9. Qd2 Bg5 10. Ne4 Bxe3 11. Qc3 f6 12. h3 Nh6 13. Nd6+ Kf8 14. d4 Bf4 15. Nxc8
Qxc8 16. e4 Qc7 17. Ne2 cxb5 18. Qf3 Bd6 19. c5 Bxc5 20. dxc5 Nf7 21. Nf4 Na6
22. Nd5 Qxc5 23. Rc1 Qd6 24. Bxb5 Ng5 25. Qe3 Re8 26. Nxf6 gxf6 27. O-O Nxe4
28. Qh6+ Kf7 29. Rxf6+ Nxf6 30. Bc4+ 1-0

[Event "HZ Chess Tournament 2013"]
[Site "?"]
[Date "2013.08.08"]
[Round "7"]
[White "Herbold, Manfred"]
[Black "Verstraeten, Rein"]
[Result "0-1"]
[WhiteElo "2140"]
[BlackElo "2281"]
[PlyCount "72"]
[EventDate "2013.??.??"]

1. e4 g6 2. d4 Bg7 3. Nc3 d6 4. Be3 Nd7 5. Qd2 a6 6. O-O-O b5 7. f3 Bb7 8. g4
c5 9. dxc5 dxc5 10. Nxb5 axb5 11. Bxb5 Bc8 12. Bxc5 Rxa2 13. c3 Ra1+ 14. Kc2
Rxd1 15. Qxd1 Qc7 16. Bb4 Ngf6 17. Ne2 Qe5 18. Bc6 O-O 19. h4 Nb8 20. Ba4 Na6
21. Ba3 Nxg4 22. Qg1 Nf6 23. Qg5 Qc7 24. h5 h6 25. Qh4 g5 26. Qg3 Qa5 27. Bb3
Nc5 28. Nd4 Nxb3 29. Kxb3 Bd7 30. e5 Nd5 31. Re1 Rb8+ 32. Ka2 Nxc3+ 33. Ka1 Nb5
34. e6 Ra8 35. exf7+ Kf8 36. Re5 Qc7 0-1

[Event "HZ Chess Tournament 2013"]
[Site "?"]
[Date "2013.08.08"]
[Round "7"]
[White "Kampman, Tijmen"]
[Black "Colijn, Stefan"]
[Result "1/2-1/2"]
[WhiteElo "2126"]
[BlackElo "2276"]
[PlyCount "71"]
[EventDate "2013.??.??"]

1. c4 e5 2. g3 Nf6 3. Bg2 Bc5 4. Nc3 Nc6 5. e3 d5 6. Nxd5 Nxd5 7. cxd5 Nb4 8.
Qb3 c6 9. Ne2 O-O 10. O-O Nxd5 11. d4 exd4 12. Nxd4 Bxd4 13. exd4 Nb6 14. d5
Nxd5 15. Bxd5 cxd5 16. Rd1 Re8 17. Be3 Re5 18. Rd4 b6 19. a4 Be6 20. a5 Re4 21.
axb6 axb6 22. Rxa8 Qxa8 23. Rxe4 dxe4 24. Qxb6 h5 25. Qa7 Qd5 26. Bd4 e3 27.
Qb8+ Kh7 28. Qe5 Qxe5 29. Bxe5 e2 30. Bc3 Bd5 31. f3 Bxf3 32. Kf2 Bg4 33. b4
Kg6 34. b5 f6 35. b6 Bc8 36. Kxe2 1/2-1/2

[Event "HZ Chess Tournament 2013"]
[Site "?"]
[Date "2013.08.08"]
[Round "7"]
[White "Beerdsen, Thomas"]
[Black "Kuling, Lody"]
[Result "1-0"]
[WhiteElo "2071"]
[BlackElo "2246"]
[PlyCount "91"]
[EventDate "2013.??.??"]

1. e4 c5 2. Nf3 d6 3. d4 cxd4 4. Nxd4 Nf6 5. Nc3 Nc6 6. Bg5 Qb6 7. Nb3 e6 8.
Qd2 Be7 9. O-O-O O-O 10. Bd3 a6 11. f4 Qc7 12. Qe2 b5 13. g4 b4 14. e5 dxe5 15.
Bxf6 Bxf6 16. Ne4 Be7 17. g5 exf4 18. Rhg1 Ne5 19. Nf6+ Bxf6 20. gxf6 Ng6 21.
h4 gxf6 22. h5 f5 23. hxg6 hxg6 24. Nd4 Qc5 25. Qf3 Ra7 26. Qxf4 e5 27. Qh6
Qxd4 28. Rg5 e4 29. Bc4 Qe3+ 30. Kb1 Qxg5 31. Qxg5 Kg7 32. Rh1 Re8 33. Qh6+ Kf6
34. Qd2 Rd7 35. Qxb4 e3 36. Qc3+ Kg5 37. Rg1+ Kf4 38. Bxf7 e2 39. Qg3+ Ke4 40.
Qg2+ Ke3 41. Qh3+ Kf4 42. Qh6+ Ke5 43. Qe3+ Kf6 44. Bxe8 Rd1+ 45. Qc1 Rxc1+ 46.
Kxc1 1-0

[Event "HZ Chess Tournament 2013"]
[Site "?"]
[Date "2013.08.08"]
[Round "7"]
[White "Rosmuller, Anton"]
[Black "Maatman, Nick"]
[Result "0-1"]
[WhiteElo "2091"]
[BlackElo "2207"]
[PlyCount "78"]
[EventDate "2013.??.??"]

1. d4 Nf6 2. c4 e6 3. Nc3 Bb4 4. e3 O-O 5. Bd3 d5 6. Nf3 c5 7. O-O dxc4 8. Bxc4
Nbd7 9. Qe2 cxd4 10. exd4 Bxc3 11. bxc3 Qc7 12. Bd2 b6 13. Bd3 Bb7 14. Rfe1
Rac8 15. c4 Rfe8 16. Rac1 Nf8 17. Ne5 Ng6 18. f4 Qd6 19. Qf2 Ne7 20. Bc3 Red8
21. a4 Nf5 22. d5 Qa3 23. Nxf7 Ng4 24. Qf3 Qc5+ 25. Kh1 Nf2+ 26. Qxf2 Qxf2 27.
Nxd8 Rxd8 28. Bxf5 exf5 29. Re7 Ba6 30. Rce1 Bxc4 31. Rxg7+ Kf8 32. Rxh7 Bxd5
33. Rh8+ Kf7 34. Rh7+ Kg6 35. Rg7+ Kh6 36. Rg3 Rc8 37. Bg7+ Kh7 38. Rd1 Rg8 39.
Bd4 Bxg2+ 0-1

[Event "HZ Chess Tournament 2013"]
[Site "?"]
[Date "2013.08.08"]
[Round "7"]
[White "Van Den Berg, Ad"]
[Black "Schouten, Jordy"]
[Result "1-0"]
[WhiteElo "2197"]
[BlackElo "1887"]
[PlyCount "109"]
[EventDate "2013.??.??"]

1. c4 e5 2. Nc3 Nc6 3. Nf3 Nf6 4. d4 exd4 5. Nxd4 Bc5 6. Nxc6 bxc6 7. g3 d5 8.
Bg2 Be6 9. Qa4 Qd7 10. Bg5 Ng4 11. O-O f6 12. Bf4 Rb8 13. cxd5 cxd5 14. Qxd7+
Kxd7 15. Rad1 Rxb2 16. Bc1 Rc2 17. Nxd5 Bd6 18. Nf4 Bxa2 19. Be4 Rc5 20. Ba3
Re5 21. Bf3 Nh6 22. Bxd6 cxd6 23. Ra1 Ra5 24. Rfd1 g5 25. Nd5 Rb8 26. Nxf6+ Ke6
27. Ne4 Rd5 28. Rxd5 Bxd5 29. Nxg5+ Kf5 30. Bxd5 Kxg5 31. Rxa7 Rb2 32. Bc4 Kf6
33. Rxh7 Ng4 34. Rf7+ Ke5 35. h3 Nh6 36. Re7+ Kd4 37. Bd3 Ng8 38. Rg7 Nf6 39.
h4 d5 40. g4 Ke5 41. Kg2 d4 42. Rg5+ Kd6 43. h5 Rb8 44. f3 Ke7 45. Kg3 Rc8 46.
Rg7+ Kf8 47. Ra7 Kg8 48. h6 Kh8 49. Rf7 Nd5 50. Rh7+ Kg8 51. Rd7 Nf6 52. Rxd4
Kh8 53. g5 Rg8 54. Kh4 Ne8 55. g6 1-0

[Event "HZ Chess Tournament 2013"]
[Site "?"]
[Date "2013.08.08"]
[Round "7"]
[White "Senders, Mischa"]
[Black "Stefan, Romulus-Cristian"]
[Result "0-1"]
[WhiteElo "2061"]
[BlackElo "2188"]
[PlyCount "74"]
[EventDate "2013.??.??"]

1. e4 d6 2. d4 Nf6 3. Nc3 g6 4. Bg5 Bg7 5. Qd2 h6 6. Bh4 O-O 7. f4 e5 8. dxe5
Nxe4 9. Bxd8 Nxd2 10. Bxc7 Nxf1 11. Kxf1 dxe5 12. Bxe5 Bxe5 13. fxe5 Nc6 14.
Nf3 Bf5 15. Kf2 Bxc2 16. a3 Rac8 17. Rhe1 Rfd8 18. e6 fxe6 19. Rxe6 Bf5 20. Re2
Kg7 21. h3 Rc7 22. Rae1 Rf7 23. Kg3 Rd3 24. Kh2 Bd7 25. Re3 Rxe3 26. Rxe3 Re7
27. Rxe7+ Nxe7 28. Kg3 Bc6 29. Kf4 g5+ 30. Kg4 Kf6 31. h4 Bd7+ 32. Kh5 g4 33.
Nh2 Kg7 34. Ne4 Nd5 35. g3 Bf5 36. Nf1 Bxe4 37. Kxg4 Kg6 0-1

[Event "HZ Chess Tournament 2013"]
[Site "?"]
[Date "2013.08.08"]
[Round "7"]
[White "Ijzermans, Cees"]
[Black "Maris, Ivo"]
[Result "0-1"]
[WhiteElo "1959"]
[BlackElo "2171"]
[PlyCount "72"]
[EventDate "2013.??.??"]

1. e4 c5 2. c4 d6 3. Nc3 g6 4. d3 Bg7 5. g3 Nc6 6. Bg2 e5 7. Nge2 h5 8. h3 Be6
9. Nd5 Qd7 10. Nec3 Nd4 11. Bg5 f6 12. Be3 Ne7 13. Nxe7 Qxe7 14. Nd5 Qd7 15. f4
h4 16. g4 Bxd5 17. exd5 exf4 18. Bxd4 cxd4 19. O-O O-O 20. Qe1 Rae8 21. Qxh4
Re3 22. Kh1 g5 23. Qh5 Qe8 24. Qxe8 Rfxe8 25. Rfd1 f5 26. gxf5 f3 27. Bf1 g4
28. hxg4 Bf6 29. Rd2 Be5 30. g5 Kg7 31. f6+ Kg6 32. f7 Kxf7 33. g6+ Kxg6 34.
Kg1 Rh8 35. b4 Bf4 36. c5 Rh5 0-1

[Event "HZ Chess Tournament 2013"]
[Site "?"]
[Date "2013.08.08"]
[Round "7"]
[White "L'Ami, Alina"]
[Black "De Graaf, Dig"]
[Result "1-0"]
[WhiteElo "2358"]
[BlackElo "1869"]
[PlyCount "73"]
[EventDate "2013.??.??"]

1. d4 Nf6 2. c4 g6 3. Nc3 Bg7 4. e4 d6 5. h3 c6 6. Bd3 e5 7. d5 O-O 8. Bg5 a5
9. Nge2 Na6 10. a3 Nc5 11. Bc2 Qc7 12. O-O Bd7 13. Rc1 h6 14. Be3 Ne8 15. Qd2
Kh7 16. b4 Na6 17. Na4 b5 18. Nb6 Rb8 19. Nxd7 Qxd7 20. dxc6 Qxc6 21. cxb5 Qxb5
22. Bd3 Qb7 23. bxa5 Nf6 24. Rb1 Qa8 25. f3 Nd7 26. Bc4 Qc6 27. Rxb8 Ndxb8 28.
Rc1 Qd7 29. Nc3 Nc7 30. Nd5 Ne6 31. Nb6 Qd8 32. a6 Nc7 33. a7 Nc6 34. a8=R Nxa8
35. Nxa8 Qxa8 36. Bd5 Rc8 37. Qc3 1-0

[Event "HZ Chess Tournament 2013"]
[Site "?"]
[Date "2013.08.08"]
[Round "7"]
[White "Beukema, Stefan"]
[Black "Verwoert, Jef"]
[Result "1-0"]
[WhiteElo "2321"]
[BlackElo "2011"]
[PlyCount "95"]
[EventDate "2013.??.??"]

1. e4 c5 2. Nf3 g6 3. d4 cxd4 4. Nxd4 Nc6 5. Nb3 Nf6 6. Nc3 Bg7 7. Be2 O-O 8.
Be3 d6 9. O-O Be6 10. f4 Qd7 11. Kh1 Bg4 12. Bxg4 Nxg4 13. Bg1 b6 14. Qe2 Nh6
15. Rad1 Qb7 16. Be3 f5 17. Nd4 Ng4 18. Bg1 Nxd4 19. Bxd4 e5 20. Bg1 exf4 21.
exf5 gxf5 22. Rxd6 Be5 23. Re6 Rae8 24. Rxe8 Rxe8 25. Qd3 Qf7 26. h3 Nh6 27.
Bh2 Qc7 28. Nd5 Qd6 29. Nxf4 Qxd3 30. Nxd3 Bxh2 31. Kxh2 Re2 32. Rf2 Rxf2 33.
Nxf2 Kf7 34. Kg3 Kf6 35. Kf4 Nf7 36. h4 Ne5 37. h5 Nc4 38. b3 Na3 39. c4 Nc2
40. g4 fxg4 41. Nxg4+ Ke6 42. Kg5 Nb4 43. Kh6 Nxa2 44. Kxh7 Nc3 45. h6 Ne4 46.
Kg6 Nd6 47. h7 Nf7 48. Nh6 1-0

[Event "HZ Chess Tournament 2013"]
[Site "?"]
[Date "2013.08.08"]
[Round "7"]
[White "Bakels, Anton"]
[Black "Tiggelman, Rene"]
[Result "0-1"]
[WhiteElo "2022"]
[BlackElo "2285"]
[PlyCount "62"]
[EventDate "2013.??.??"]

1. e4 e6 2. d4 d5 3. Nc3 Nf6 4. e5 Nfd7 5. f4 c5 6. Nf3 Nc6 7. Be3 a6 8. Qd2 b5
9. a3 g5 10. fxg5 cxd4 11. Nxd4 Ncxe5 12. Bd3 Bg7 13. O-O Qc7 14. Nce2 Ng4 15.
Ng3 Qe5 16. Rfe1 Nxe3 17. c3 Qxg5 18. Ndf5 Be5 19. Rxe3 Bf4 20. Rae1 O-O 21. h4
Qd8 22. Nh5 exf5 23. Nxf4 Nf6 24. Rg3+ Kh8 25. Bc2 Rg8 26. Rxg8+ Kxg8 27. Qf2
Ng4 28. Qd4 Be6 29. Nxe6 fxe6 30. Rxe6 Qxh4 31. Qxd5 Qf2+ 0-1

[Event "HZ Chess Tournament 2013"]
[Site "?"]
[Date "2013.08.08"]
[Round "7"]
[White "Van Foreest, Jorden"]
[Black "Tikranian, Alik"]
[Result "1-0"]
[WhiteElo "2284"]
[BlackElo "2006"]
[PlyCount "129"]
[EventDate "2013.??.??"]

1. e4 e5 2. Nf3 Nf6 3. Nxe5 d6 4. Nf3 Nxe4 5. Nc3 Nxc3 6. dxc3 Be7 7. Be3 Nc6
8. Qd2 Be6 9. O-O-O Qd7 10. Kb1 a6 11. Ng5 Bxg5 12. Bxg5 f6 13. Be3 Qf7 14. b3
O-O-O 15. f3 Rhe8 16. Bf2 h5 17. Be2 Re7 18. Rhe1 Rde8 19. Bf1 Qg6 20. Kb2 Bf5
21. Rxe7 Rxe7 22. c4 a5 23. Qc3 Qf7 24. a3 Qe6 25. Rd5 Bg6 26. b4 axb4 27. axb4
b6 28. Qd2 Rd7 29. c3 Ne7 30. Rb5 Be8 31. Bxb6 cxb6 32. Rxb6 Kc7 33. Ra6 Nc8
34. Bd3 Re7 35. Qc2 Bc6 36. Ra5 Nb6 37. Kb3 Qe3 38. Ra7+ Kb8 39. Rxe7 Qxe7 40.
Qf2 Kc7 41. Qg3 g5 42. c5 Qe6+ 43. c4 Nc8 44. cxd6+ Nxd6 45. Qf2 Nc8 46. Qc5
Qe1 47. b5 Ne7 48. bxc6 Nxc6 49. Kc2 h4 50. h3 Kd7 51. Qd5+ Kc7 52. Qf7+ Kc8
53. Qxf6 Nb4+ 54. Kb3 Nxd3 55. Qf5+ Kc7 56. Qxd3 Qg3 57. Qe2 Qd6 58. Qe4 Qd2
59. Qc2 Qe3+ 60. Kb4 Qe1+ 61. Qc3 Qb1+ 62. Kc5 Qg1+ 63. Qd4 Qxg2 64. Qg7+ Kd8
65. Qf8+ 1-0